000 01235cab a2200337 4500
001 ABS53927
008 090401t1995 xxu||||| |||| 00| 0 eng d
035 _a(Sirsi) u7462
041 _aeng
100 _aEichholtz, P.M.A.
245 _aReal estate portfolio diversification by property type and region
260 _c1995
350 _a0
490 _aJournal of Property Finance
_v6(3) October 1995, 39-59(21)
520 _aExamines a method of analysing commercial property performance by using geographical regions in the UK and US based on economic background, rather than administrative. Tables. Graphs. References.
650 _aDIVERSIFICATION
650 _aINDUSTRIAL MARKET
650 _aMARKET SEGMENTATION
650 _aPROPERTY-COMMERCIAL PROPERTY-OFFICE PROPERTY-OFFICE PROPERTY MARKET
650 _aPORTFOLIO ALLOCATION
650 _aPROPERTY PERFORMANCE
650 _aPROPERTY PORTFOLIO
650 _aPROPERTY-COMMERCIAL PROPERTY-RETAIL PROPERTY-RETAIL PROPERTY MARKET
650 _aUNITED STATES
690 _aPROPERTY-COMMERCIAL PROPERTY-COMMERCIAL PROPERTY MARKET
700 _aHoesli, M.
700 _aMacGregor, B.
700 _aNanthakumaran, N.
942 _n0
948 _c04/03/1997
999 _c4510
_d4510